000 00782nam a2200253 a 4500
001 70699
003 BD-RjUL
005 20211209082030.0
008 170419s1964 maua b 001 0 eng
035 _a(BD-RjUL)70913
040 _aDLC
_cDLC
_dBD-RjUL
_beng
041 _aeng
082 0 0 _a539.14
_223
_bLAS 1964
100 1 _aLagowski, J. J.
_9209268
245 1 4 _aThe structure of atoms /
_cJ. J. Lagowski.
260 _aBoston :
_bHoughton Mifflin Co.,
_cc1964.
300 _avii, 120 p. :
_bill. ;
_c23 cm.
504 _aIncludes index and bibliographies.
650 0 _aAtomic structure.
_9144316
830 _aClassic researches in general chemistry,
_9209269
942 _2ddc
_cBK
999 _c70699
_d70699